000 01004nam a22002297a 4500
999 _c21691
_d21691
003 AR-CdUCM
008 190425b ||||| |||| 00| 0 spa d
040 _aMUNICIPALIDAD PROVINCIAL DEL CUSCO
_cBIBLIOTECA MUNICIPAL DEL CUSCO
082 _aRev.Univ/N°13/1915
_bRev.Univ/N°13/1915
110 _aUniversidad Nacional de San Antonio Abad del Cusco
_915942
245 _aRevista Universitaria :
_bÓrgano de la Universidad del Cuzco /
260 _aCusco :
_bEl Trabajo,
_cjunio 1915.
300 _a50 páginas. :
_c20 cm.
440 _aRevista Universitaria
_nAño IV, junio 1915, N°13
_945793
505 _aContenido: Estudios geográficos en el departamento. Fortunato L. Herrera. -- Contribución al estudio de la prehistoria peruana. Félix Cosio -- Crónica Universitaria.
650 _aHistoria del Cusco
_91714
650 _aGeografía del Cusco
_93257
650 _aSiglo XX
_945791
710 _aUniversidad Nacional de San Antonio Abad del Cusco
_915942
942 _2ddc
_cPP
945 _arac